000 00476nam a2200181Ia 4500
001 25455
005 20260414151151.0
008 260414t2011||||xx |||||||||||||| ||spa||
041 _aESP
082 _a346.5
_bV917
100 _aVaquer Aloy, Antoni
_eAUT
245 0 _aLa armonización del derecho de obligaciones y de sucesiones en el siglo XXI
_b
260 _c2011
300 _a331 pƔginas :
_c23 cm.
650 _aDER
654 _aCDE
942 _cLIB
_dJUS
_fJUS
_2ddc
_n
999 _c25455
_d25455